000
00322nam a2200121Ia 4500
008
191201s2015 xx 000 0 und d
100
_a
ZIENKIEWICZ, O.C.
245
0
_a
The Finite Element Method: Its Basis and Fundamentals
260
_a
N. Delhi
_b
Elsevier
_c
2015
300
_a
714
650
_a
B.Tech(CE)
942
_2
ddc
_c
BK
999
_c
6490
_d
6490